Provisional report
Guardado en:
| Autor Corporativo: | |
|---|---|
| Formato: | Texto |
| Publicado: |
San José:
PCUP
|
| Etiquetas: |
Agregar Etiqueta
Sin Etiquetas, Sea el primero en etiquetar este registro!
|
MARC
| LEADER | 00000 a a2200000 04500 | ||
|---|---|---|---|
| 001 | 21553 | ||
| 003 | |||
| 040 | |||
| 090 | |a 095500 | ||
| 110 | |a Presidential Commission University for Peace | ||
| 245 | |a Provisional report | ||
| 260 | |a San José: |b PCUP | ||
| 300 | |a 28 p. | ||
| 999 | |c 2451 |d 2451 | ||
